Normal view
MARC view
Entry Topical Term
001 - CONTROL NUMBER
- control field: 56245
003 - CONTROL NUMBER IDENTIFIER
- control field: OSt
005 - DATE AND TIME OF LATEST TRANSACTION
- control field: 20250821152111.0
008 - FIXED-LENGTH DATA ELEMENTS
- fixed length control field: 250821|| aca||aabn | a|a d
040 ## - CATALOGING SOURCE
- Original cataloging agency: OSt
- Transcribing agency: OSt
150 ## - HEADING--TOPICAL TERM
- Topical term or geographic name entry element: Occupational licensing, state level governments, De-specialization, historical Institutionalism, Digitalization and public policy, United states economic and labor history.
670 ## - SOURCE DATA FOUND
- Source citation: Work cat.: (OSt): Edisis, Adrienne T. 56244, How Can States Regulate De-Spatialized Phenomena? The Case of Occupational Licensing
